00321 2200133 4500001002100000005001500021035002000036245005600056100002100112300001200133260002200145082000800167990001200175INLIS00000000000215920250527114658 a0010-05250004511 aSahabat Wanita Utama Rosulullah /cAbu Dzar Qolmuni0 aAbu Dzar Qolmuni a112 hlm bAlif Media,c2004 a297 a0712692